000 00567nam a22002057a 4500
003 OSt
005 20140310181922.0
008 130719t xxu||||| |||| 00| 0 eng d
050 _aMT 462
_b.L848
082 _aTR 788.93
_bL86 19
100 _aLong, Newell H.
_91883
245 _aElementary method :
_btrombone or baritone /
_cnewell H. Long
260 _aMiami, Florida :
_bRubank,
300 _a52 p .:
_bill. ;
_c30 cm.
521 _aFaculty
541 _j1
562 _e1
650 _aTrombone
_xstudy and teaching.
_91884
942 _2lcc
_cBK-TR
_kTR
999 _c7046
_d7046